Breaking bad characters Seasons1-5 - Statistics

General Stats
  • This quiz has been taken 276 times
  • The average score is 10 of 15
Answer Stats
Hint Answer % Correct
Who kills Mike Ehrmantrout Walt
100%
Heisenberg Walter White
96%
Meth cooking partner Jesse Pinkman
92%
Owner of Los Pollos Hermanos Gustavo Fring
91%
Shady lawyer who's motto is better call Saul Saul Goodman
88%
Brother in law who is DEA Hank Schrader
81%
Drug dealer who Hank kills Tuco Salamanca
80%
Name of the last episode Felina
73%
Who does Skyler sleep with Ted Beneke
67%
Who Dies when Gus Mike and Jesse go to Mexico Don Eladio
45%
The Above's Girlfriend in Season 2 Jane Margolis
43%
Car Which Walt drives Pontiac
43%
Cousin who is an enemy of Gus Hector Salamanca
32%
How does Gale die Jesse shoots him
24%
Walt's son Walter White Junior
20%
No matching quizzes found
Score Distribution
Percent of People with Each Score
Percentile by Number Answered
Your Score History
You have not taken this quiz